Library of the University of Algiers 3
Ibrahim Sultan Cheibout
شعار جامعة الجزائر 3
مكتبة جامعة الجزائر 3
إبراهيم سلطان شيبوط

أساسيات في النظام الاحصائي الشامل SPSS / (رقم التسجيلة. 43861)

تفاصيل مارك
000 -LEADER
fixed length control field 01021nam a2200229Ia 4500
003 - CONTROL NUMBER IDENTIFIER
control field Ost
005 - DATE AND TIME OF LATEST TRANSACTION
control field 20260507075310.0
008 - FIXED-LENGTH DATA ELEMENTS--GENERAL INFORMATION
fixed length control field 260507s9999||||xx |||||||||||||| ||und||
040 ## - CATALOGING SOURCE
Transcribing agency fsecg
041 ## - LANGUAGE CODE
Language code of text/sound track or separate title ara
082 ## - DEWEY DECIMAL CLASSIFICATION NUMBER
Classification number 330
100 ## - MAIN ENTRY--PERSONAL NAME
Personal name صبري ، عزام
Relator term مؤلف
245 #0 - TITLE STATEMENT
Title أساسيات في النظام الاحصائي الشامل SPSS /
Statement of responsibility, etc. عزام صبري
260 ## - PUBLICATION, DISTRIBUTION, ETC.
Place of publication, distribution, etc. عمان:
Name of publisher, distributor, etc. عالم الكتاب الحديث,
Date of publication, distribution, etc. 2006
300 ## - PHYSICAL DESCRIPTION
Extent 384 صفحة؛
Other physical details إيضاحات ؛
Dimensions 25 سم
504 ## - BIBLIOGRAPHY, ETC. NOTE
Bibliography, etc. note قرص مضغوط
520 ## - SUMMARY, ETC.
Summary, etc. مقدمة في الاحصاء، مقاييس النزعة المركزية و مقاييس التشتت، التوزيعات الاحتمالية و تقدير الفترات ، اختبار الفرضيات ، الارتباط و الانحدار ، تحليل التباين و الاختبارات اللامعلمية .
653 ## - INDEX TERM--UNCONTROLLED
Uncontrolled term الاحصاء
653 ## - INDEX TERM--UNCONTROLLED
Uncontrolled term الإحصاء الآلي
653 ## - INDEX TERM--UNCONTROLLED
Uncontrolled term الاحصاء الرياضي
942 ## - ADDED ENTRY ELEMENTS (KOHA)
Koha item type كتب
المقتنيات
Withdrawn status Lost status Source of classification or shelving scheme Damaged status Not for loan Home library Current library Date acquired Serial enumeration / chronology Inventory number Total checkouts Full call number Barcode Date last seen Price effective from Koha item type
    Dewey Decimal Classification   NOT LOAN / إعارة داخلية مكتبة كلية العلوم الإقتصادية والعلوم التجارية وعلوم التسيير مكتبة كلية العلوم الإقتصادية والعلوم التجارية وعلوم التسيير 07/05/2026 الطابق الأرضي 2011/2665   أ/3830ن1 2011/2665 07/05/2026 07/05/2026 كتب
    Dewey Decimal Classification   Available مكتبة كلية العلوم الإقتصادية والعلوم التجارية وعلوم التسيير مكتبة كلية العلوم الإقتصادية والعلوم التجارية وعلوم التسيير 07/05/2026 الطابق الأرضي 2011/2666   أ/3830ن2 2011/2666 07/05/2026 07/05/2026 كتب
    Dewey Decimal Classification   Available مكتبة كلية العلوم الإقتصادية والعلوم التجارية وعلوم التسيير مكتبة كلية العلوم الإقتصادية والعلوم التجارية وعلوم التسيير 07/05/2026 الطابق الأرضي 2011/2667   أ/3830ن3 2011/2667 07/05/2026 07/05/2026 كتب

موارد الويب المفتوحة


© University of Algiers 3 All Rights Reserved
|
Implemented by LECHELAH Riad